1751 1319 1567 1811 1155 1345 1918 1133 1525 1740 1504 1552 1370 1595 1355 1314 1746 1121 1739 1121 1050 1886 1485 1137 1086 1691 1330 1596 1861 1147 1617 1320 1095 1676 1374 1729 1264 1394 1633 1758 1409 1310 1692 1439 1096 1768 1047 1076 1530 1977 1549 1330 1320 1562 1255 1672 1769 1403 1888 1012 1428 1698 1869 1619 1526 1303 1301 1889 1356 1574 1771 1275 1227 2000 1520 1099 1793 1424 1571 1059 1639 1173 1997 1561 1513 1965 1381 1822 1919 1724 1833 1387 1620 1286 1855 1288 1709 1434 1523 BCNSPRNW ULIB Ver.6.0+V

เปลี่ยนเป็นภาษาไทย

Change to English
 แสดงรายละเอียดบรรณานุกรม
  กลับหน้าหลัก

Brief Record : Get Marc (ISO 2709) : E-mail record : QR code < ปิดหน้าต่าง
LEADER : 00000nam 2200000uu 4500
001    13399115315
003     ULIB
008    120815s2009||||th 000 0 eng d
020    ^a9781405341295
082  0  ^aQS17^bC111B
100 0  Rita Carter
245  0  ^aThe brain book /^cRita Carter ... [et al.] ; editors, Salima Hirani, Katie John, Rebecca Warren.
260    ^aLondon :^bDorling Kindersley,^c2009.
300    ^a256 p. :^bill. ;^c31 cm.
650    ^aBrain.
650    ^aNeuroanatomy.
700  1 ^aCarter, Rita.
700  1 ^aHirani, Salima.
700  1 ^aJohn, Katie.
700  1 ^aWarren, Rebecca.
945    ^p0^l0^i16286
995    ^aทศพร
999 ^a ใช้งานได้ทุกระบบ
รายการนี้ยังไม่มีแท็ก
คุณยังไม่ได้ล็อกอิน คุณสามารถมีกิจกรรมร่วมกับเว็บไซต์ได้ แต่ต้องล็อกอินก่อน ::
  ล็อกอิน

รายการสื่อสารสนเทศ

ลำดับที่ ประเภท เลขเรียก/บาร์โค้ด สถานที่ สถานะ
- ไม่พบข้อมูล -

BibComment


ยังไม่เคยถูกคอมเมนท์

คอมเมนท์ทรัพยากรรายการนี้
  คอมเมนท์: The brain book ..


 Copyright 2026. Bcnsprnw @Library